000 00366 a2200157 4500
001 149798
020 _a8522005052
040 _cEscola São Tomás de Aquino
100 _aSAINT-EXUPÈRY, Antoine de
240 1 0 _aO pequeno príncipe
_lpor
245 1 0 _aO pequeno príncipe
300 _a93 p.
362 0 _a2001
697 _a*LITERATURA JUVENIL
942 _cBK
999 _c149798
_d149798